The show off

Bibliographic Details
Main Author: Kumara Velu
Corporate Author: Title
Format: Book
Published: Kuala Lumpur : Penerbit Tetra Sinar , 2001
Series:Young mind series
Subjects:

MARC

LEADER 00000cam a2200000 7i4500
001 0000001576
005 20220105103922.0
008 070706
020 |a 983111115X 
090 0 0 |a JP   |b ENG (1907) 
100 0 |a Kumara Velu 
245 1 4 |a The show off   |c Kumara Velu 
260 |a Kuala Lumpur :   |b Penerbit Tetra Sinar ,   |c 2001 
440 0 |a Young mind series 
500 |a Children age 4-6 years old (yellow) 
650 0 |a Junior preschool   |x English   |x Languages 
710 0 |a Title 
999 |a 0000965536   |b Book   |c Children Collection   |e Perbadanan Perpustakaan Awam Johor 
999 |a 0000965537   |b Book   |c Children Collection   |e Cawangan Sri Merlong 
999 |a 0000965539   |b Book   |c Children Collection   |e Perbadanan Perpustakaan Awam Johor